Every 50 Point Dunk in the NBA Dunk Contest since 1984 - Statistics

General Stats
  • This quiz has been taken 23 times
  • The average score is 55 of 89
Answer Stats
Hint Answer % Correct
2016 Aaron Gordon
93%
2016 Aaron Gordon
93%
2016 Aaron Gordon
93%
2020 Aaron Gordon
93%
2020 Aaron Gordon
93%
2020 Aaron Gordon
93%
2020 Aaron Gordon
93%
2020 Aaron Gordon
93%
1985 Michael Jordan
93%
1987 Michael Jordan
93%
1987 Michael Jordan
93%
1988 Michael Jordan
93%
1988 Michael Jordan
93%
1988 Michael Jordan
93%
2015 Zach LaVine
93%
2015 Zach LaVine
93%
2016 Zach LaVine
93%
2016 Zach LaVine
93%
2016 Zach LaVine
93%
2016 Zach LaVine
93%
2016 Zach LaVine
93%
2008 Dwight Howard
87%
2008 Dwight Howard
87%
2009 Dwight Howard
87%
2009 Dwight Howard
87%
2000 Vince Carter
87%
2000 Vince Carter
87%
2000 Vince Carter
87%
1985 Dominique Wilkins
80%
1985 Dominique Wilkins
80%
1986 Dominique Wilkins
80%
1988 Dominique Wilkins
80%
1988 Dominique Wilkins
80%
1986 Spud Webb
80%
1986 Spud Webb
80%
1986 Spud Webb
80%
1986 Gerald Wilkins
73%
2017 Glenn Robinson III
73%
2017 Glenn Robinson III
73%
2023 Mac McClung
73%
2023 Mac McClung
73%
2023 Mac McClung
73%
2006 Nate Robinson
73%
2002 Jason Richardson
67%
2003 Jason Richardson
67%
2003 Jason Richardson
67%
2003 Jason Richardson
67%
2004 Jason Richardson
67%
2017 Derrick Jones Jr.
60%
2017 Derrick Jones Jr.
60%
2020 Derrick Jones Jr.
60%
2020 Derrick Jones Jr.
60%
2020 Derrick Jones Jr.
60%
2020 Derrick Jones Jr.
60%
2004 Fred Jones
60%
2004 Fred Jones
60%
2018 Donovan Mitchell
53%
2018 Donovan Mitchell
53%
2018 Dennis Smith Jr.
47%
2019 Dennis Smith Jr.
47%
2019 Dennis Smith Jr.
47%
2005 Josh Smith
47%
2005 Josh Smith
47%
2005 Josh Smith
47%
2000 Tracy McGrady
47%
2007 Gerald Green
40%
2013 Gerald Green
40%
1984 Julius Erving
40%
2018 Larry Nance Jr.
33%
2015 Victor Oladipo
33%
2005 Amar'e Stoudemire
27%
2006 Andre Iguodala
27%
2006 Andre Iguodala
27%
1992 Cedric Ceballos
27%
2010 DeMar DeRozan
27%
2011 DeMar DeRozan
27%
2013 Terrence Ross
27%
2019 Hamidou Diallo
20%
2000 Steve Francis
20%
2003 Desmond Mason
13%
2011 JaVale McGee
13%
2013 Kenneth Faried
13%
2019 Miles Bridges
13%
2020 Pat Connaughton
13%
1985 Terence Stansbury
13%
1987 Terence Stansbury
13%
1987 Terence Stansbury
13%
2013 Eric Bledsoe
7%
1987 Jerome Kersey
7%
No matching quizzes found
Score Distribution
Percent of People with Each Score
Percentile by Number Answered
Your Score History
You have not taken this quiz